Are You Smarter Than a College Student? XII Quiz Stats

 Plays Quiz Updated Sep 21, 2018

Challenge
Share
Tweet
Embed
Score 0/30 Timer 07:00
59 Plays Today
% Correct
EasyGreece
96.8%
Easycheese
94.5%
EasySanta's reindeer
93.7%
EasyTennessee
93.7%
EasyLudwig van Beethoven
84.6%
EasyEeyore
84.6%
EasyYankees
84.4%
Easyeerie
82.5%
EasyThe King's Speech
81.5%
EasyKleenex
80.6%
Mediumcoffee
77.2%
MediumGreenland
73.5%
MediumMilwaukee
66.3%
MediumJeep
66%
Mediumsteel
65.4%
% Correct
MediumFrisbee
64.8%
Mediumfourteen
64.7%
MediumFerris wheel
64.3%
MediumDawson's Creek
64%
MediumSheen
60.9%
HardThe Three Musketeers
59.2%
HardFleetwood Mac
56.7%
HardJohn Cleese
50.6%
HardGolden Fleece
50.2%
Hardsheep
44.3%
HardQueensland
43.6%
HardTuranga Leela
42.1%
HardFreetown
24.7%
HardClement Attlee
14.9%
HardPioneer
12.8%

You're not logged in!

Compare scores with friends on all Sporcle quizzes.
Join for Free
OR
Log In

Show Comments

Extras

Top Quizzes Today


Score Distribution

Your Account Isn't Verified!

In order to create a playlist on Sporcle, you need to verify the email address you used during registration. Go to your Sporcle Settings to finish the process.

Report this User

Report this user for behavior that violates our Community Guidelines.

Details: